000 00441nam a2200169Ia 4500
001 25933
003 IN-NITTTR
005 20251114233327.0
008 251113s9999||||xx |||||||||||||| ||eng||
040 _beng
040 _cIN-NITTTR
041 _aeng
082 _a006.6 S14S
100 _aShailendra Singh,
245 0 _aSegmentation of Robotic based images for effective movement for Robotic Arm /
_cShailendra Singh
942 _2ddc
_cBK
999 _c28562
_d28562